ARRUPE JESUIT UNIVERSITY

CORONAVIRUS -STOP THE SPREAD - CLEAN,DISINFECT,COVER

African gifts of the spirit; (Record no. 131731)

MARC details
000 -LEADER
fixed length control field 00633nam a22001697a 4500
008 - FIXED-LENGTH DATA ELEMENTS--GENERAL INFORMATION
fixed length control field 230331b |||||||| |||| 00| 0 eng d
020 ## - INTERNATIONAL STANDARD BOOK NUMBER
International Standard Book Number 0852559666.
050 ## - LIBRARY OF CONGRESS CALL NUMBER
Classification number BX6198.A6 M465
100 ## - MAIN ENTRY--PERSONAL NAME
Personal name Maxwell, David
9 (RLIN) 52304
245 ## - TITLE STATEMENT
Title African gifts of the spirit;
Remainder of title pentecostalism and the rise of a Zimbabwe transnational religious movement,
Statement of responsibility, etc David, Maxwell
260 ## - PUBLICATION, DISTRIBUTION, ETC. (IMPRINT)
Place of publication, distribution, etc Zimbabwe:
Name of publisher, distributor, etc Weaver Press
Date of publication, distribution, etc 2006.
300 ## - PHYSICAL DESCRIPTION
Extent xv;
Other physical details 250p,
Dimensions 24cm.
650 ## - SUBJECT ADDED ENTRY--TOPICAL TERM
Topical term or geographic name as entry element Assemblies of God;
Geographic subdivision Africa,
9 (RLIN) 52305
650 ## - SUBJECT ADDED ENTRY--TOPICAL TERM
Topical term or geographic name as entry element Zimbabwe assemblies if God;
Geographic subdivision Africa.
9 (RLIN) 52306
650 ## - SUBJECT ADDED ENTRY--TOPICAL TERM
Topical term or geographic name as entry element Pentecostal churches;
Form subdivision Harare,
Geographic subdivision Zimbabwe.
9 (RLIN) 52307
942 ## - ADDED ENTRY ELEMENTS (KOHA)
Source of classification or shelving scheme Library of Congress Classification
Item type Monograph ( Printed materials)
Holdings
Withdrawn status Lost status Source of classification or shelving scheme Damaged status Not for loan Home library Current library Shelving location Date acquired Total Checkouts Full call number Barcode Date last seen Price effective from Koha item type
    Library of Congress Classification     ARRUPE LIBRARY ARRUPE LIBRARY Main Collection 31/03/2023   BX6198.A6 M465 46700000264 31/03/2023 31/03/2023 Monograph ( Printed materials)

 

Arrupe Library. PO Box MP320 Mt Pleasant, Harare, Zimbabwe
263 242 745411|librarian@aju.ac.zw